000 00790nam a2200253Ia 4500
003 OSt
005 20221005104524.0
006 a|||||r|||| 00| 0
007 ta
008 221004b |||||||| |||| 00| 0 hin d
020 _a8185726922 (hbk)
024 _a101813
037 _cTextual
040 _aCRL
_cCRL
_bhin
041 _2hin
_ahin
082 _aO152,3NNAx, Q0
100 _aनागार्जुन
245 0 _aसम्पूर्ण बाल कहानियॉं
246 _aSampūrṇa bāl kahāniyaॉan
260 _aदिल्ली
_bयात्री प्रकाशन भारत
_c2010
300 _a191पृ0
_ccm.
942 _hO152,3NNAx, Q0
_cTEXL
_2cc
999 _c1012972
_d1012972